| 000 | 00471nam a22001697a 4500 | ||
|---|---|---|---|
| 005 | 20241114122015.0 | ||
| 008 | 241114b |||||||| |||| 00| 0 eng d | ||
| 020 | _a8125906827 | ||
| 050 |
_aQA76.5 _bLEO |
||
| 100 | _aLEON, ALEXIS | ||
| 245 | _aFUNDAMENTALS OF COMPUTER SCIENCE AND COMMUNICATION ENGINEERING | ||
| 260 |
_aNEW DELHI _bLEON TECHWORLD _cc1998 |
||
| 300 |
_axxiii, 324p _bill.; |
||
| 500 | _aincludes index | ||
| 700 | _aLeon, Mathews | ||
| 942 |
_2lcc _cBK _n0 |
||
| 999 |
_c1183 _d1183 |
||